000
00304nam a2200133Ia 4500
005
20251222144901.0
008
251222s9999||||xx |||||||||||||| ||spa||
020
_a
84-320-8208-2
082
_a
813.5/B45/1984/Ej.2
100
_a
Benchley, Peter
245
0
_a
Tiburón
264
_b
Planeta
942
_c
LIB
999
_c
21966
_d
21966